LEADER 01681nam a2200313 i 4500 001 000000367519 003 CaOOAMICUS 005 20260429115611.0 008 260429s2026 be u000 u lat u 020 $a978-2-503-62075-6 040 $aSeMil$bita 041 1 $alat$aeng 100 1 $aGroote, Geert,$d<1340-1384>.$0(OLS)http://semarc/name/3706 240 10$aTractatus de quatuor generibus meditacionum sive contemplacionum.$0(OLS)http://semarc/title/459475 245 10$a3: Gerardi Magni Tractatus de quatuor generibus meditacionum sive contemplacionum ; Tractatus de matrimonio /$ccura et studio Rijcklof Hofman. 264 1$aTurnhout :$bBrepols,$c2026. 300 $aL, 151 p. ;$c26 cm 490 1 $aCorpus Christianorum. Continuatio Mediaevalis ;$v327 546 $aTesto in latino, introduzione e commento in inglese 700 1 $aHofman, Rijcklof.$0(OLS)http://semarc/name/40422 730 02$aTractatus de matrimonio.$0(OLS)http://semarc/title/459474 773 0 $aGroote, Geert <1340-1384>$tGerardi Magni Opera omnia.$dTurnhout : Brepols, 2000-$kCorpus Christianorum. Continuatio Mediaevalis$g3$w()7086 830 0$aCorpus Christianorum. Continuatio Mediaevalis ;$v327.$0(OLS)http://semarc/title/35 850 $aSeMil 852 $aSeMil$W1$xVenegono$y1$mSL2.G CC.CM 327$j271156$B258209$CSeMilBibl$Z2$F258209 $8I 996 $6020$a978-2-503-62075-6$9(OLS)http://semarc/number/305788 996 $6245$a3: Gerardi Magni Tractatus de quatuor generibus meditacionum sive contemplacionum ; Tractatus de matrimonio$9(OLS)http://semarc/title/459473 996 $6264$aTurnhout :$bBrepols$9(OLS)http://semarc/publisher/29626